000 00748nam a2200241 a 4500
001 51542
003 BD-RjUL
005 20211209075657.0
008 160831s1963 enk||||| |||| 001 0 eng d
035 _a(BD-RjUL)51662
040 _aBD-RjUL
_beng
_cBD-RjUL
_dBD-RjUL
041 _aeng
082 _223
_a519.82
_bBEG 1963
100 1 0 _aBeneš, V. E.
_9154069
245 1 0 _aGeneral stochastic processes in the theory of queues /
_cV. E. Beneš
260 _aLondon :
_bReading, Mass., Addison-Wesley Pub. Co.,
_cc1963
300 _aviii, 88 p. ;
_c23 cm.
490 _aAddison-Wesley series in statistics.
500 _aInclude index
650 _aQueuing theory.
_9154007
856 _3Addison-Wesley series in statistics.
942 _2ddc
_cBK
999 _c51542
_d51542